LEADER 01018nam0-22003131--450- 001 990008219130403321 005 20051107112830.0 010 $a88-243-1545-3 035 $a000821913 035 $aFED01000821913 035 $a(Aleph)000821913FED01 035 $a000821913 100 $a20051107d2004----km-y0itay50------ba 101 0 $aita 102 $aIT 105 $ay-------001yy 200 1 $aPrincípi e regole internazionali tra forza e costume$ele relazioni anglo-sabaude nella prima metà del settecento$fEnrico Genta 210 $aNapoli$cJovene$d2004 215 $a219 p.$d24 cm 225 1 $aMemorie del Dipartimento di scienze giuridiche$fUniversità di Torino$hSerie 5$iMemoria$v24 676 $a327.41045$v21$zita 700 1$aGenta,$bEnrico$0252577 801 0$aIT$bUNINA$gRICA$2UNIMARC 901 $aBK 912 $a990008219130403321 952 $aUNIVERSITA'553(24)$b48333*$fFGBC 959 $aFGBC 996 $aPrincípi e regole internazionali tra forza e costume$9739229 997 $aUNINA LEADER 01340nam0 22003253i 450 001 996237047003316 005 20171114140634.0 010 $a978-88-916-2331-7 100 $a20171114d2017----km y0itay5003 ba 101 $aita 102 $aIT 105 0 $ay 00 y 200 1 $aAssociazioni sportive dilettantistiche (ASD) e società sportive (SSD) ...$eaggiornato con tutte le novita 2017 in tema di: domanda telematica di iscrizione al 5 per mille, regime di contabilita, comunicazioni periodiche IVA, riduzione diritto annuale del 50%$fCinzia De Stefanis, Antonio Quercia 205 $a9. ed 210 $aSantarcangelo di Romagna$cMaggioli$d2017 215 $a607 p.$d24 cm 225 2 $aProfessionisti & Imprese$iSocietà$v139 300 $aContiene requisiti per l'accesso alle risorse online. 410 0$1001000352764$aProfessionisti & Imprese$iSocietà$v, 139 606 0 $aSocietà sportive$xLegislazione$xGuide pratiche$2BNCF 676 $a344.45099 700 1$aDE STEFANIS,$bCinzia$0267953 701 1$aQUERCIA,$bAntonio$0524401 801 0 $aIT$bsalbc$gISBD 912 $a996237047003316 951 $aXXX.B. Coll. 201/ 77$b86007 G.$cXXX.B. Coll. 201/$d400000 959 $aBK 969 $aECO 996 $aAssociazioni sportive dilettantistiche (ASD) e società sportive (SSD) ..$91493202 997 $aUNISA LEADER 01239nam a2200265 i 4500 001 991003705339707536 005 20020506103802.0 008 950117s1934 fr ||| | fre 035 $ab10544380-39ule_inst 035 $aEXGIL125602$9ExL 040 $aBiblioteca Interfacoltà$bita 100 1 $aPascal, Pierre$0173218 245 10$aOde triomphale en l'honneur de la trosième Rome et du Duce, protecteur des moissons, des cités et des arts latins /$cPierre Pascal ; préambule de Xavier De Magallon 260 $aParis :$bEditions du Trident,$c1934 300 $a82 p. ;$c29 cm. 440 4$aLes textes du trident ;$v1 500 $aEdizione in 162 esemplari ; il nostro é il n. 59 ed apparteneva a Federico della Chiesa, con dedica autografa dell'A. 650 4$aMussolini, Benito 700 1 $aMegallon, Xavier : de 907 $a.b10544380$b02-04-14$c27-06-02 912 $a991003705339707536 945 $aLE002 Fondo Berg. 1825$g1$iLE002-627N$lle002$o-$pE0.00$q-$rn$so $t0$u0$v0$w0$x0$y.i10625124$z27-06-02 996 $aOde triomphale en l'honneur de la trosième Rome et du Duce, protecteur des moissons, des cités et des arts latins$9215285 997 $aUNISALENTO 998 $ale002$b01-01-95$cm$da $e-$ffre$gfr $h0$i1